000 00863nam a2200265 a 4500
001 25549
003 CO-ViMGA
008 141112s2004 ck r 000 u spa d
020 _a9789583004124
040 _aCO-ViMGA
_bspa
_cCO-ViMGA
041 _aSPA
082 0 4 _a796.4 P27a
100 1 _aPerea Rosero, Tucídides, 1933 -
_939039
245 1 0 _aAtletismo /
_cTucídides Perea Rosero; ilustraciones Henry J. González Torres : reglamento oficial ilustrado
250 _a3a ed., 3a reimpr.
260 _aBogotá :
_bPanAméricana,
_c2010
300 _a162 p.
490 _aReglamentos deportivos ilustrados
500 _aIncluye índice
650 1 4 _aATLETISMO - ESTRATEGIA Y TECNICAS
_939040
650 1 4 _aATLETISMO - HISTORIA
_939041
650 1 4 _aATLETISMO - REGLAMENTOS
_918417
700 1 _aGonzález Torres, Henry Javier
_939042
942 _2ddc
_cBK
999 _c5128
_d5128